History Quiz

Random History or War Quiz

D-Day Quiz Stats

 Plays Quiz Updated Jan 13, 2017

Challenge
Share
Tweet
Embed
Score 0/19 Timer 05:00
0 Plays Today
Clue Answer % Correct
Invading CountriesUnited States
95%
Invading CountriesUnited Kingdom
94.3%
General InfoNormandy
89.3%
Invading Country LeadersWinston Churchill
86.1%
Invading CountriesCanada
86.1%
Landing BeachesOmaha
85.6%
Invading Country LeadersFranklin D. Roosevelt
83.2%
CommandersDwight D. Eisenhower
81.4%
General InfoBad weather
79.8%
General InfoEnglish Channel
79.6%
Clue Answer % Correct
CommandersErwin Rommel
73.3%
General InfoJune 6, 1944
73.1%
Landing BeachesJuno
65.2%
Landing BeachesUtah
63%
Landing BeachesGold
60.8%
Landing BeachesSword
60.8%
General InfoOperation Overlord
59.7%
CommandersBernard Montgomery
49.2%
Invading Country LeadersWilliam Lyon Mackenzie King
15.8%

You're not logged in!

Compare scores with friends on all Sporcle quizzes.
OR
Log In

You Might Also Like...

Show Comments

Extras

Top Quizzes Today


Score Distribution

Your Account Isn't Verified!

In order to create a playlist on Sporcle, you need to verify the email address you used during registration. Go to your Sporcle Settings to finish the process.

Report this User

Report this user for behavior that violates our Community Guidelines.

Details: